000 00597nam a2200205Ia 4500
005 20260429112002.0
008 260429s9999||||xx |||||||||||||| ||und||
020 _a9798886130348
041 _aEnglish
082 _a540
_bCHA
100 _aChan, Kim Seng
245 0 _aUnderstanding advanced chemistry through problem solving :
_bthe learner's approach, Vol. 2 /
_cKim Seng Chan
250 _a1st rev. ed.
260 _aSingapore :
_bWorld Scientific Publishing,
_c2024.
300 _aix, 371 p.; pbk
440 _vVol. 2
650 _aChemistry
700 _a Tan, Jeanne
942 _cTB
999 _c51756
_d51756